LEADER 01123nam a2200241 u 4500 001 000000019783 003 CaOOAMICUS 005 20070226110827.0 008 950320s1951 it u000 u ita u 035 $a10476962 040 $aBSR$bita$dBAV 100 1 $aPaschini, Pio,$cvesc. tit. di Eudoxias,$d1878-1962.$0(OLS)http://pul/name/433 245 10$aEresia e riforma cattolica al confine orientale d'Italia /$cPio Paschini. 260 $aRomae :$bFacultas theologica Pontificii Athenaei Lateranensis,$c1951. 300 $a223 p. ;$c25 cm 490 1 $aLateranum, N.S. ;$van. XVII, n. 1-4 650 4$aControriforma$zItalia.$0(OLS)http://pul/subject/3444 830 0$aLateranum.$pN.S. ;$van. 17, n. 1-4.$0(OLS)http://pul/title/706 850 $aPUL 852 $aPUL$W1$xDP1 Riviste Correnti$y15$m1335.A$j642$nBK-PRI$qStampati$B27738$CPULBib$Z2$F27738 $HPUL15248 $82 941 1 $a8 996 $6245$aEresia e riforma cattolica al confine orientale d'Italia$9(OLS)http://pul/title/27985 996 $6260$aRomae :$bFacultas theologica Pontificii Athenaei Lateranensis$9(OLS)http://pul/publisher/50766 LEADER 01027nam a2200265 a 4500 001 000000145461 003 CaOOAMICUS 005 20150907101126.0 008 150907s1990 it u000 u ita r 020 $a88-10-50160-8 040 $aPUL$bita 100 1 $aGelardi, Aimone.$0(OLS)http://pul/name/93139 245 10$aDirezione spirituale e cristiani comuni /$cAimone Gelardi. 260 $aBologna :$bEDB,$cİ1990. 300 $a116 p. ;$c19 cm 490 1 $aCammini di chiesa ;$v10 650 4$aTeologia morale.$0(OLS)http://pul/subject/1500 830 0$aCammini di chiesa (EDB) ;$v10.$0(OLS)http://pul/title/49363 850 $aPUL 852 $aPUL$W1$xDP1 Fondo S. Lanza$y121$m3 O 28.10$j168196$qFondi$B168790$CPULBib$Z2$F168790 $HLan928 $82 941 1 $a1 996 $6020$a88-10-50160-8$9(OLS)http://pul/number/158484 996 $6245$aDirezione spirituale e cristiani comuni$9(OLS)http://pul/title/183948 996 $6260$aBologna :$bEDB$9(OLS)http://pul/publisher/56073